[Event "Budapest-chT1 Lilienthal 1718"]
[Site "Budapest"]
[Date "2018.03.11"]
[Round "11"]
[White "Gelle, Istvan"]
[Black "Mogyorosi, Ferenc"]
[Result "1-0"]
[WhiteElo "2307"]
[BlackElo "1997"]
[PlyCount "77"]
[EventDate "2017.10.01"]
[EventType "team-tourn"]
[EventRounds "13"]
[EventCountry "HUN"]
[SourceTitle "EXT 2021"]
[Source "ChessBase"]
[SourceDate "2020.10.23"]
[SourceVersion "1"]
[SourceVersionDate "2020.10.23"]
[SourceQuality "1"]
[WhiteTeam "Fabulon"]
[BlackTeam "Budapest Ujpest KSE"]
[WhiteTeamCountry "HUN"]
[BlackTeamCountry "HUN"]

1. d4 Nf6 2. Bf4 e6 3. e3 b6 4. Nf3 Bb7 5. Be2 c5 6. c3 d5 7. Nbd2 Bd6 8. Bxd6 Qxd6 9. Ne5 0-0 10. 0-0 Ne4 11. Nxe4 dxe4 12. Nc4 Qe7 13. dxc5 Qxc5 14. Qd4 Qxd4 15. exd4 Ba6 16. Rae1 Nd7 17. Nd6 Bxe2 18. Rxe2 f5 19. f3 exf3 20. Rxf3 Rf6 21. Rfe3 Nf8 22. Nb5 Rf7 23. a4 Rd7 24. Re5 Rc8 25. d5 Ng6 26. dxe6 Nxe5 27. exd7 Nxd7 28. Nxa7 Ra8 29. Nc6 Rxa4 30. Re8+ Nf8 31. Rb8 Ra6 32. Ne7+ Kf7 33. Nxf5 Nd7 34. Rb7 g6 35. Rxd7+ Ke6 36. Rxh7 Kxf5 37. Rh4 Ra1+ 38. Kf2 Rd1 39. Rd4 1-0

[Event "Budapest-chT1 Lilienthal 1718"]
[Site "Budapest"]
[Date "2018.02.04"]
[Round "8"]
[White "Mogyorosi, Ferenc"]
[Black "Biro, Gergely"]
[Result "1/2-1/2"]
[WhiteElo "1997"]
[BlackElo "2120"]
[PlyCount "116"]
[EventDate "2017.10.01"]
[EventType "team-tourn"]
[EventRounds "13"]
[EventCountry "HUN"]
[SourceTitle "EXT 2021"]
[Source "ChessBase"]
[SourceDate "2020.10.23"]
[SourceVersion "1"]
[SourceVersionDate "2020.10.23"]
[SourceQuality "1"]
[WhiteTeam "Budapest Ujpest KSE"]
[BlackTeam "Barcza GSC"]
[WhiteTeamCountry "HUN"]
[BlackTeamCountry "HUN"]

1. c4 Nf6 2. Nc3 d5 3. cxd5 Nxd5 4. d4 g6 5. e4 Nxc3 6. bxc3 Bg7 7. Bc4 c5 8. Ne2 Nc6 9. Be3 0-0 10. 0-0 Qc7 11. Rc1 Re8 12. f3 Qa5 13. Qb3 e6 14. d5 exd5 15. Bxd5 Ne5 16. c4 Rb8 17. Rfd1 b6 18. Nc3 Be6 19. Nb5 Bxd5 20. exd5 Qa6 21. Bf4 Qb7 22. Re1 f6 23. a4 Qd7 24. Bxe5 fxe5 25. Nc3 Rf8 26. Ne4 Qf5 27. Rcd1 g5 28. h3 h5 29. Qe3 g4 30. fxg4 hxg4 31. Rf1 Qg6 32. h4 Bh6 33. Ng5 Bxg5 34. hxg5 e4 35. Rde1 Rbe8 36. Rxf8+ Rxf8 37. Qxe4 Qxg5 38. Qe6+ Kg7 39. Qe7+ Qxe7 40. Rxe7+ Kf6 41. Rxa7 Ke5 42. a5 bxa5 43. Rxa5 Kd4 44. d6 Kxc4 45. Ra1 Kd5 46. d7 Kc6 47. Rc1 Rd8 48. Rc4 Rxd7 49. Rxg4 Rf7 50. Rg3 Kd5 51. Rf3 Rxf3 52. gxf3 Kd4 53. Kf2 Kd3 54. f4 Ke4 55. Ke2 Kxf4 56. Kd3 Ke5 57. Kc4 Kd6 58. Kc3 Kd5 1/2-1/2

[Event "Budapest-chT1 Lilienthal 1718"]
[Site "Budapest"]
[Date "2018.01.21"]
[Round "7"]
[White "Bodi, Tibor"]
[Black "Mogyorosi, Ferenc"]
[Result "1-0"]
[WhiteElo "2187"]
[BlackElo "1997"]
[PlyCount "61"]
[EventDate "2017.10.01"]
[EventType "team-tourn"]
[EventRounds "13"]
[EventCountry "HUN"]
[SourceTitle "EXT 2021"]
[Source "ChessBase"]
[SourceDate "2020.10.23"]
[SourceVersion "1"]
[SourceVersionDate "2020.10.23"]
[SourceQuality "1"]
[WhiteTeam "Aquarena III"]
[BlackTeam "Budapest Ujpest KSE"]
[WhiteTeamCountry "HUN"]
[BlackTeamCountry "HUN"]

1. d4 f5 2. Bg5 h6 3. Bh4 Nf6 4. Bxf6 exf6 5. e4 Qe7 6. Qh5+ Kd8 7. Nc3 fxe4 8. 0-0-0 c6 9. d5 d6 10. dxc6 bxc6 11. Nge2 f5 12. f3 g6 13. Qxg6 exf3 14. Nf4 Qg5 15. g3 Rg8 16. Qf7 Be7 17. Kb1 Rg7 18. Qc4 Qf6 19. Nh5 Rg4 20. Nxf6 Rxc4 21. Bxc4 Bxf6 22. Rxd6+ Nd7 23. Rf1 Kc7 24. Rxc6+ Kxc6 25. Bd5+ Kc5 26. Bxa8 Ne5 27. Bxf3 Nc4 28. Rd1 Bg5 29. Rd5+ Kb6 30. Rb5+ Ka6 31. Be2 1-0

[Event "Budapest-chT1 Lilienthal 1516"]
[Site "Budapest"]
[Date "2015.12.13"]
[Round "5"]
[White "Bodrogi, Laszlo"]
[Black "Mogyorosi, Ferenc"]
[Result "1-0"]
[WhiteElo "1921"]
[BlackElo "2026"]
[PlyCount "55"]
[EventDate "2015.09.20"]
[EventType "team-tourn"]
[EventRounds "9"]
[EventCountry "HUN"]
[SourceTitle "EXT 2021"]
[Source "ChessBase"]
[SourceDate "2020.10.23"]
[SourceVersion "1"]
[SourceVersionDate "2020.10.23"]
[SourceQuality "1"]
[WhiteTeam "Taban Spartacus II"]
[BlackTeam "Budapest Ujpest KSE"]
[WhiteTeamCountry "HUN"]
[BlackTeamCountry "HUN"]

1. d4 d5 2. c4 e6 3. Nc3 Nf6 4. Bg5 Be7 5. e3 h6 6. Bf4 c6 7. Rc1 Bd6 8. Bxd6 Qxd6 9. Nf3 0-0 10. Bd3 Nbd7 11. 0-0 b6 12. cxd5 exd5 13. Qa4 b5 14. Qa5 Nb6 15. e4 dxe4 16. Nxe4 Nxe4 17. Bxe4 Nd5 18. Rc5 Be6 19. Rfc1 Rfc8 20. a3 Rc7 21. Bxd5 Bxd5 22. Rxd5 Qf4 23. Rdc5 Re8 24. Ne5 Rce7 25. Qc3 f6 26. Qb3+ Kh7 27. Qd3+ Kg8 28. g3 1-0

[Event "Budapest-chT1 Lilienthal 1516"]
[Site "Budapest"]
[Date "2015.11.15"]
[Round "4"]
[White "Mogyorosi, Ferenc"]
[Black "Bodrogi, Mihaly"]
[Result "0-1"]
[WhiteElo "2026"]
[BlackElo "2044"]
[PlyCount "40"]
[EventDate "2015.09.20"]
[EventType "team-tourn"]
[EventRounds "9"]
[EventCountry "HUN"]
[SourceTitle "EXT 2021"]
[Source "ChessBase"]
[SourceDate "2020.10.23"]
[SourceVersion "1"]
[SourceVersionDate "2020.10.23"]
[SourceQuality "1"]
[WhiteTeam "Budapest Ujpest KSE"]
[BlackTeam "Budapest EAC II"]
[WhiteTeamCountry "HUN"]
[BlackTeamCountry "HUN"]

1. c4 Nf6 2. Nc3 d6 3. d4 Nbd7 4. e4 e5 5. Be3 Be7 6. Bd3 0-0 7. h3 b6 8. d5 Nc5 9. Bc2 a5 10. Bxc5 bxc5 11. Nge2 Nh5 12. g4 Nf4 13. Nxf4 exf4 14. Qd3 g6 15. Qf3 Re8 16. b3 Bf6 17. 0-0 Be5 18. Rad1 Bd7 19. a4 Kg7 20. Qg2 Bxc3 0-1

[Event "Budapest-chT1 Lilienthal 1213"]
[Site "Budapest"]
[Date "2013.05.05"]
[Round "11"]
[White "Mogyorosi, Ferenc"]
[Black "Rigo, Janos"]
[Result "0-1"]
[WhiteElo "2059"]
[BlackElo "2287"]
[PlyCount "74"]
[EventDate "2012.09.30"]
[EventType "team-tourn"]
[EventRounds "11"]
[EventCountry "HUN"]
[SourceTitle "EXT 2019"]
[Source "ChessBase"]
[SourceDate "2018.10.10"]
[SourceVersion "1"]
[SourceVersionDate "2018.10.10"]
[SourceQuality "1"]
[WhiteTeam "Budapest Ujpest KSE"]
[BlackTeam "Budapest Honved"]
[WhiteTeamCountry "HUN"]
[BlackTeamCountry "HUN"]

1. c4 f5 2. d4 Nf6 3. Nc3 g6 4. g3 Bg7 5. Bg2 d6 6. Nf3 Nc6 7. 0-0 0-0 8. Bf4 Ne4 9. h4 e5 10. dxe5 dxe5 11. Bg5 Nxc3 12. bxc3 Qe8 13. Be3 Be6 14. Bc5 Rd8 15. Qc2 Rf6 16. Qa4 h6 17. Rad1 Bd7 18. Qc2 b6 19. Ba3 e4 20. Nd2 Ne5 21. c5 Ba4 22. Nb3 Nc4 23. Rxd8 Qxd8 24. Qc1 Bf8 25. Rd1 Qe8 26. e3 bxc5 27. Bxc5 Bxc5 28. Nxc5 Bxd1 29. Qxd1 Rd6 30. Qb3 Qf7 31. Bf1 Ne5 32. Qb8+ Kg7 33. Qxa7 g5 34. h5 Nf3+ 35. Kg2 Rc6 36. g4 fxg4 37. Nxe4 Qxh5 0-1

[Event "Budapest-chT1 Lilienthal 1213"]
[Site "Budapest"]
[Date "2012.12.09"]
[Round "5"]
[White "Vitalyos, Marton"]
[Black "Mogyorosi, Ferenc"]
[Result "1-0"]
[WhiteElo "1956"]
[BlackElo "2059"]
[PlyCount "47"]
[EventDate "2012.09.30"]
[EventType "team-tourn"]
[EventRounds "11"]
[EventCountry "HUN"]
[SourceTitle "EXT 2019"]
[Source "ChessBase"]
[SourceDate "2018.10.10"]
[SourceVersion "1"]
[SourceVersionDate "2018.10.10"]
[SourceQuality "1"]
[WhiteTeam "Taban Spartacus II"]
[BlackTeam "Budapest Ujpest KSE"]
[WhiteTeamCountry "HUN"]
[BlackTeamCountry "HUN"]

1. e4 c5 2. c3 d5 3. exd5 Qxd5 4. d4 Nc6 5. Nf3 Bg4 6. Be2 cxd4 7. cxd4 e6 8. Nc3 Bb4 9. 0-0 Bxc3 10. bxc3 Nge7 11. Rb1 Qd7 12. Ba3 0-0 13. Qa4 Rfd8 14. d5 Bxf3 15. dxe6 Qxe6 16. Bxf3 Rab8 17. Rfe1 Qd7 18. Bxe7 Nxe7 19. Qxa7 Nc6 20. Qc5 Rbc8 21. Qb6 Rc7 22. Rbd1 Qc8 23. Rxd8+ Qxd8 24. Qxc7 1-0

[Event "Budapest-chT1 Lilienthal 1213"]
[Site "Budapest"]
[Date "2012.10.14"]
[Round "2"]
[White "Mogyorosi, Ferenc"]
[Black "Zanaty, Zsolt"]
[Result "0-1"]
[WhiteElo "2059"]
[BlackElo "2172"]
[PlyCount "94"]
[EventDate "2012.09.30"]
[EventType "team-tourn"]
[EventRounds "11"]
[EventCountry "HUN"]
[SourceTitle "EXT 2019"]
[Source "ChessBase"]
[SourceDate "2018.10.10"]
[SourceVersion "1"]
[SourceVersionDate "2018.10.10"]
[SourceQuality "1"]
[WhiteTeam "Budapest Ujpest KSE"]
[BlackTeam "Budapest RAC"]
[WhiteTeamCountry "HUN"]
[BlackTeamCountry "HUN"]

1. c4 Nf6 2. Nc3 g6 3. g3 c5 4. Bg2 Nc6 5. e3 Bg7 6. Nge2 0-0 7. 0-0 d6 8. d4 cxd4 9. Nxd4 Bd7 10. b3 Qc8 11. Bb2 Bh3 12. Nce2 Bxg2 13. Kxg2 Rd8 14. Rc1 Ne4 15. f3 Nxd4 16. Bxd4 Ng5 17. Bxg7 Kxg7 18. g4 Qc5 19. Qd4+ Kg8 20. Qxc5 dxc5 21. Rcd1 Ne6 22. Nc3 Rxd1 23. Rxd1 Rd8 24. Nd5 Kf8 25. Kf2 Nc7 26. Ke2 Nxd5 27. Rxd5 Rxd5 28. cxd5 b5 29. f4 f6 30. e4 Ke8 31. h4 h5 32. g5 fxg5 33. fxg5 e6 34. Ke3 exd5 35. exd5 Ke7 36. a3 Kd6 37. Ke4 a5 38. a4 b4 39. Ke3 Kxd5 40. Kd3 c4+ 41. bxc4+ Kc5 42. Ke4 Kxc4 43. Ke5 b3 44. Kf6 b2 45. Kxg6 b1Q+ 46. Kxh5 Qh7+ 47. Kg4 Kd5 0-1

[Event "Budapest-chT1 Lilienthal 1112"]
[Site "Budapest"]
[Date "2012.03.18"]
[Round "10"]
[White "Mogyorosi, Ferenc"]
[Black "Szentmihalyi, Tamas"]
[Result "1-0"]
[WhiteElo "2085"]
[BlackElo "2087"]
[PlyCount "92"]
[EventDate "2011.10.02"]
[EventType "team-tourn"]
[EventRounds "11"]
[EventCountry "HUN"]
[SourceTitle "EXT 2020"]
[Source "ChessBase"]
[SourceDate "2019.10.17"]
[SourceVersion "1"]
[SourceVersionDate "2019.10.17"]
[SourceQuality "1"]
[WhiteTeam "Budapest Ujpest KSE"]
[BlackTeam "Taban Spartacus II"]
[WhiteTeamCountry "HUN"]
[BlackTeamCountry "HUN"]

1. c4 Nf6 2. Nc3 e6 3. g3 Be7 4. Bg2 c5 5. e3 0-0 6. Nge2 Nc6 7. 0-0 a6 8. d4 cxd4 9. exd4 d6 10. b3 Bd7 11. Bb2 Rb8 12. d5 Na7 13. dxe6 fxe6 14. Nf4 b5 15. cxb5 axb5 16. Re1 e5 17. Nfd5 Be6 18. f4 b4 19. Nxe7+ Qxe7 20. Nd5 Nxd5 21. Bxd5 Rbd8 22. Qd2 Kh8 23. Bxe6 Qxe6 24. Qxb4 Qf5 25. Qe4 exf4 26. Qxf5 Rxf5 27. Re7 Nc6 28. Rxg7 Ne5 29. Rg4 Rg8 30. Rxg8+ Kxg8 31. Bxe5 dxe5 32. gxf4 Rxf4 33. a4 Rb4 34. Ra3 Kf7 35. a5 Ke6 36. a6 Rb8 37. a7 Ra8 38. Kf2 Kd5 39. Ra4 Kc5 40. Ke3 Kb6 41. Ke4 Rxa7 42. Rxa7 Kxa7 43. Kxe5 Kb6 44. Kf6 Kb5 45. h4 h5 46. Kg5 Kb4 1-0

[Event "Budapest-chT1 Lilienthal 1112"]
[Site "Budapest"]
[Date "2012.02.26"]
[Round "8"]
[White "Krizsany, Laszlo Sr"]
[Black "Mogyorosi, Ferenc"]
[Result "1/2-1/2"]
[WhiteElo "1938"]
[BlackElo "2085"]
[PlyCount "119"]
[EventDate "2011.10.02"]
[EventType "team-tourn"]
[EventRounds "11"]
[EventCountry "HUN"]
[SourceTitle "EXT 2020"]
[Source "ChessBase"]
[SourceDate "2019.10.17"]
[SourceVersion "1"]
[SourceVersionDate "2019.10.17"]
[SourceQuality "1"]
[WhiteTeam "REAC SISE"]
[BlackTeam "Budapest Ujpest KSE"]
[WhiteTeamCountry "HUN"]
[BlackTeamCountry "HUN"]

1. d4 d5 2. c4 c6 3. Nc3 Nf6 4. Nf3 e6 5. g3 Bd6 6. cxd5 exd5 7. Bg2 0-0 8. 0-0 Re8 9. Bg5 h6 10. Bxf6 Qxf6 11. a3 Nd7 12. b4 a5 13. b5 Nb6 14. a4 Nc4 15. h3 g5 16. Rc1 Bf5 17. Nh2 Ba3 18. bxc6 bxc6 19. Nxd5 cxd5 20. Bxd5 Bxc1 21. Bxa8 Rxa8 22. Qxc1 Qxd4 23. g4 Be6 24. Nf3 Qe4 25. Rd1 Ne5 26. Nd4 Rc8 27. Qa3 Nc4 28. Qe7 Bd5 29. Qxe4 Bxe4 30. Rc1 Nb6 31. Rxc8+ Nxc8 32. f3 Bd5 33. e4 Be6 34. Nc6 Nb6 35. Nxa5 Nxa4 36. Nc6 Nc5 37. Kf2 Nd3+ 38. Kg3 Nf4 39. h4 f6 40. e5 Kf7 41. exf6 Kxf6 42. hxg5+ hxg5 43. Kf2 Bd5 44. Nd4 Ke5 45. Nf5 Ne6 46. Ke3 Bb7 47. Nh6 Nd8 48. Nf5 Nc6 49. Nh6 Nd8 50. Nf5 Bd5 51. Ng3 Nc6 52. Nh5 Na5 53. Kf2 Nc4 54. Kg3 Nd2 55. f4+ gxf4+ 56. Nxf4 Ne4+ 57. Kf3 Ng5+ 58. Kg3 Ne4+ 59. Kf3 Nd2+ 60. Ke2 1/2-1/2

[Event "Budapest-chT1 Lilienthal 1011"]
[Site "Budapest"]
[Date "2010.11.28"]
[Round "5"]
[White "Mogyorosi, Ferenc"]
[Black "Martin, Bela"]
[Result "0-1"]
[WhiteElo "2091"]
[BlackElo "2059"]
[PlyCount "106"]
[EventDate "2010.09.19"]
[EventType "team-tourn"]
[EventRounds "11"]
[EventCountry "HUN"]
[SourceTitle "EXT 2020"]
[Source "ChessBase"]
[SourceDate "2019.10.17"]
[SourceVersion "1"]
[SourceVersionDate "2019.10.17"]
[SourceQuality "1"]
[WhiteTeam "Budapest Ujpest KSE"]
[BlackTeam "Barcza GSC"]
[WhiteTeamCountry "HUN"]
[BlackTeamCountry "HUN"]

1. e4 c5 2. Nf3 d6 3. d4 cxd4 4. Nxd4 Nf6 5. Nc3 g6 6. Be2 Bg7 7. Be3 Nc6 8. Qd2 Bd7 9. f3 h5 10. h4 Rc8 11. Nb3 Ne5 12. Bxa7 0-0 13. Be3 Nc4 14. Bxc4 Rxc4 15. 0-0-0 b5 16. Qd3 Qc8 17. Rd2 Qa6 18. a3 Rfc8 19. Na2 Be6 20. Kd1 d5 21. Nd4 dxe4 22. fxe4 Ng4 23. c3 Nxe3+ 24. Qxe3 Rxd4 25. cxd4 Qa4+ 26. b3 Bxb3+ 27. Ke2 Qc4+ 28. Kf2 Bxa2 29. Ra1 Bb3 30. Rb1 Ba4 31. Kf3 Rd8 32. e5 Rc8 33. Rb4 Qd5+ 34. Kf2 Kh7 35. Qd3 Bh6 36. Re2 Rc6 37. Rb1 Rc4 38. Rb4 Rxb4 39. axb4 Bb3 40. Re1 Bc4 41. Qc3 Qe6 42. Qf3 Bd5 43. Qe2 Qf5+ 44. Kg1 Bc4 45. Qf2 Qd3 46. Kh1 Qd2 47. Kg1 Qxb4 48. Rd1 Qc3 49. Kh2 b4 50. g3 b3 51. Rb1 Qc2 52. Rb2 Qxf2+ 53. Rxf2 Be3 0-1

[Event "Budapest-chT1 Lilienthal 1011"]
[Site "Budapest"]
[Date "2010.10.31"]
[Round "3"]
[White "Balvanyos, Istvan"]
[Black "Mogyorosi, Ferenc"]
[Result "0-1"]
[WhiteElo "2217"]
[BlackElo "2091"]
[PlyCount "94"]
[EventDate "2010.09.19"]
[EventType "team-tourn"]
[EventRounds "11"]
[EventCountry "HUN"]
[SourceTitle "EXT 2020"]
[Source "ChessBase"]
[SourceDate "2019.10.17"]
[SourceVersion "1"]
[SourceVersionDate "2019.10.17"]
[SourceQuality "1"]
[WhiteTeam "Fabulon"]
[BlackTeam "Budapest Ujpest KSE"]
[WhiteTeamCountry "HUN"]
[BlackTeamCountry "HUN"]

1. e4 c5 2. b4 cxb4 3. a3 e6 4. Nf3 Nc6 5. axb4 Bxb4 6. c3 Be7 7. d4 d5 8. e5 f5 9. Bd3 h5 10. h4 Nh6 11. Ng5 Nf7 12. Na3 a6 13. Nb5 Rb8 14. Nxf7 Kxf7 15. Nd6+ Bxd6 16. exd6 e5 17. dxe5 Nxe5 18. Be2 Qxd6 19. Bxh5+ g6 20. Be2 Qc5 21. Kf1 Ng4 22. Bxg4 fxg4 23. Be3 Qc4+ 24. Kg1 Bf5 25. Ra4 Qc6 26. Rf4 Ke6 27. Bd4 Rh5 28. g3 Re8 29. Kh2 Kd7 30. Re1 Rxe1 31. Qxe1 Qe6 32. Be3 g5 33. Rb4 gxh4 34. Rxb7+ Kc8 35. Rb6 hxg3+ 36. Kg1 Qe4 37. f3 Qxf3 38. Rc6+ Kd7 39. Rd6+ Kxd6 40. Bc5+ Kxc5 41. Qe7+ Kc4 42. Qb4+ Kd3 43. Qd4+ Ke2 44. Qc4+ Qd3 45. Qa2+ Qd2 46. Qxa6+ Bd3 47. Qe6+ Qe3+ 0-1

[Event "Budapest Spring op 14th"]
[Site "Budapest"]
[Date "1998.??.??"]
[Round "?"]
[White "Mogyorosi, Ferenc"]
[Black "Ikonnikov, Vyacheslav"]
[Result "0-1"]
[WhiteElo "2175"]
[BlackElo "2550"]
[PlyCount "74"]
[EventDate "1998.03.??"]
[EventType "swiss"]
[EventRounds "9"]
[EventCountry "HUN"]
[SourceTitle "EXT 2002"]
[Source "ChessBase"]
[SourceDate "2001.11.25"]
[SourceVersion "1"]
[SourceVersionDate "2001.11.25"]
[SourceQuality "1"]

1. d4 Nf6 2. c4 e6 3. Nc3 Bb4 4. Bd2 d5 5. e3 0-0 6. Bd3 c5 7. Nge2 cxd4 8. Nxd4 e5 9. Nc2 dxc4 10. Bxc4 Bc5 11. 0-0 e4 12. Ne2 Nc6 13. Bc3 Bd6 14. Ng3 Ne5 15. Bxe5 Bxe5 16. Qxd8 Rxd8 17. Rab1 Bg4 18. h3 Rac8 19. Bb3 Be6 20. Nd4 Bxb3 21. Nxb3 g6 22. Ne2 Nd5 23. a3 Ne7 24. Nbd4 Nc6 25. Rfd1 Nxd4 26. Nxd4 Bxd4 27. exd4 Rc2 28. d5 Rd6 29. Rd4 f5 30. b4 Kf7 31. b5 Kf6 32. Ra4 Rxd5 33. Rxa7 Rdd2 34. Rf1 e3 35. Rxb7 e2 36. Rb6+ Ke7 37. Rb7+ Kd8 0-1